Attendi in linea ti passo Dio (Record n. 101350)

Dettagli MARC
000 -LEADER
fixed length control field 01299njm a2200313Ia 4500
001 - CONTROL NUMBER
control field 24084
003 - CONTROL NUMBER IDENTIFIER
control field IT-RoPAU
005 - DATE AND TIME OF LATEST TRANSACTION
control field 20220918181143.0
008 - FIXED-LENGTH DATA ELEMENTS--GENERAL INFORMATION
fixed length control field 131025s9999 xx 000 0 und d
040 ## - CATALOGING SOURCE
Original cataloging agency IT-RoPAU
040 ## - CATALOGING SOURCE
Transcribing agency IT-RoPAU
041 ## - LANGUAGE CODE
Language code of text/sound track or separate title ITALIANO
999 ## - SYSTEM CONTROL NUMBERS (KOHA)
Koha Dewey Subclass [OBSOLETE] n.d.
100 ## - MAIN ENTRY--PERSONAL NAME
Personal name Cento Giosy
9 (RLIN) 1580
100 ## - MAIN ENTRY--PERSONAL NAME
Relator term Autore musica
9 (RLIN) 8651
100 ## - MAIN ENTRY--PERSONAL NAME
Miscellaneous information Codice autore musica SPICS: 10822
9 (RLIN) 1582
245 ## - TITLE STATEMENT
Title Attendi in linea ti passo Dio
250 ## - EDITION STATEMENT
Edition statement 1a ed.
260 ## - PUBLICATION, DISTRIBUTION, ETC. (IMPRINT)
Place of publication, distribution, etc. ROMA
260 ## - PUBLICATION, DISTRIBUTION, ETC. (IMPRINT)
Name of publisher, distributor, etc. EP - MUSICALI E DISCOGRAFICHE
Date of publication, distribution, etc. 1983 [1a Ed.:1983 - Ed. Lingua Orig.: 1983]
300 ## - PHYSICAL DESCRIPTION
Extent DISCO
300 ## - PHYSICAL DESCRIPTION
Dimensions 39 minuti (Testo: pag.)
500 ## - GENERAL NOTE
General note Canzone religiosa. Canti per l'itinerario di fede dei ragazzi proposto dal Catechismo "Vi ho chiamati amici"
505 ## - FORMATTED CONTENTS NOTE
Formatted contents note Nati sui prati di oggi - Di chi son figlio io? - Occhi di poeta - Mi sono svegliato e... - Chiara e Francesco - Chiesa di mattoni - Notte di Pasqua - Noi abbiamo creduto all'amore - Nuova terra nascerà - Giorno di Pentecoste - Canto per Jahvè.
650 ## - SUBJECT ADDED ENTRY--TOPICAL TERM
Topical term or geographic name as entry element RELIGIOSO [DISCHI]
Relator term Codice MATERIA SPICS: 9950
9 (RLIN) 791
700 ## - ADDED ENTRY--PERSONAL NAME
Personal name Cento Giosy
Relator term Autore testo e musica
Miscellaneous information Codice autore testo/musica SPICS: 10822
9 (RLIN) 8652
700 ## - ADDED ENTRY--PERSONAL NAME
Personal name Cento Giosy
Miscellaneous information Codice interprete SPICS: 10822
Relator term Interprete
9 (RLIN) 8653
942 ## - ADDED ENTRY ELEMENTS (KOHA)
Koha item type DISCHI
Source of classification or shelving scheme Dewey Decimal Classification
Dati di copia
Withdrawn status Lost status Damaged status Not for loan Home library Current library Date acquired Total Checkouts Full call number Date last seen Price effective from Koha item type Public note
    Buone Condizioni Not For Loan SPICS-MEDIATECA SPICS-MEDIATECA 25/10/2013   24084 25/10/2013 25/10/2013 DISCHI Progr. Ins.: 4931 / N.Vol.: 1 / Copie: 1 - Copia rara: n.d. / date import: 01.01.2014 - By Epidotti, Trombetti, Vaglietti
CREDITS: SOCIETA' SAN PAOLO Via A.Severo, 58 - ROMA (RM) & PERIODICI SAN PAOLO SRL Via Giotto, 36 MILANO & CISF Via Giotto, 36 MILANO & EDIZIONI SAN PAOLO SRL,  Piazza Soncino, 5 CINISELLO BALSAMO (MI) -- ITALY